| 000 | 00523nam a2200157Ia 4500 | ||
|---|---|---|---|
| 008 | 140609s9999 xx 000 0 und d | ||
| 020 | _a9789718342770 | ||
| 050 |
_aBS 2675.53 _b.W545 2011 |
||
| 100 | _aWiersbe, Warren W. | ||
| 245 |
_aBe wise : _bdiscern the difference between man’s knowledge and God’s wisdom : NT commentary, I Corinthians / _cWarren W. Wiersbe |
||
| 260 |
_aManila, Philippines : _bVineyard Books, _cc2010. |
||
| 300 |
_a187 p. ; _c21 cm. |
||
| 521 | _aGE | ||
| 942 |
_kFOR _cBK |
||
| 999 |
_c118196 _d118196 |
||